Responses for Show #4124 - Thursday, July 4, 2002

(Sarah: Next on Jeopardy!: find out everything about Alcatraz, and maybe even... how to get out of here!)

Contestants

[<< previous game]

Ted Hsu, a pharmacist from Augusta, Georgia

Ellen Di Giosia, a minister from Wimberley, Texas

Jeff Goldfarb, a recent law school graduate from New York, New York (whose 2-day cash winnings total $73,600)

[next game >>]

Jeopardy! Round responses

ALCATRAZ-A-MATAZZ
PROJECTILES
ANAGRAMMED U.S. CITIES
CHICKEN À LA KING SHOPPING LIST
GEORGE M. COHAN
BORN ON THE FOURTH OF JULY
(Alex: ...as we celebrate.)
    $200 23
(Alex: Boy. I didn't like the sound of that door closing. That scared me and I'm 800 miles away.)

solitary

Jeff
    $200 1
archery

Ted
    $200 18
Savannah

Ellen
    $200 14
free range

Ellen
    $200 9
(Ellen: What is "She's A Grand Old Flag"?)
(Ted: What is "Grand Old Flag"?)

"You're A Grand Old Flag"

JeffEllenTed
    $200 2
Geraldo Rivera

Jeff
    $400 24
The Rock

Ted
    $400 3
kisses

Ted
    $400 19
(Jeff: What is... [Shakes head])

Nome

JeffTed
    $400 17
sherry

Ted
    $400 12
"I'm a Yankee Doodle dandy."

Ted
    $400 7
(James) Bailey

Jeff
    $600 25
David Copperfield

Ted
    $600 4
ninjas

Jeff
    $600 21
Detroit

Ted
    $600 28
heavy cream

Ted
    $600 13
Michael

Jeff
    $600 8
(Jeff: Who is Billy Martin?)

Steinbrenner

JeffTed
    $800 26
Capone

Jeff
    $800 5
jai alai

Jeff
    $800 20
Tucson

Ted
    $800 29
button mushrooms

Ellen
    $500 15
(Alex: "The Yanks are coming, the drums are drumming.")

"Over There"

Ellen
    $800 10
(Ted: Who are Dear Abby and [*]? [*]?)

Abigail Van Buren & Ann Landers

Ted
    $1000 27
pelicans

Jeff
    $1000 6
(Ted: What's a lob?)

a volley

JeffTed
    $1000 22
Casper (Wyoming)

Triple Stumper
    $1000 30
(Jeff: What are chilis?)

pimentos or pimientos

Jeff
Triple Stumper
    $1000 16
(Alex: The musical was George M! and [*] played George M.)

Joel Grey

Triple Stumper
    $1000 11
(Stephen) Foster

Ellen

Scores at the first commercial break (after clue 14):

Jeff Ellen Ted
$3,200 $1,000 $1,200

Scores at the end of the Jeopardy! Round:

Jeff Ellen Ted
$3,800 $2,500 $5,000

Double Jeopardy! Round responses

DISCOVERY
JUNG AT HEART
THE BIBLE
SIGNATURE SONGS
(Alex: We want you to identify the singer most closely associated with each tune.)
RUN "IT" UP
THE FLAGPOLE
    $400 18
(Ellen: What is the Mississippi River?)

the Grand Canyon

JeffEllen
    $400 16
Freud

Ellen
    $400 1
Gabriel

Ted
    $400 2
(Barbra) Streisand

Ted
    $400 11
"Just Do It"

Ted
    $400 21
(Ellen: What is a pole?)
...
(Alex: All right, we'll give that to you. It's a tree. There are different kinds of poles, of course.)

a tree trunk

JeffEllen
    $800 29
(Ted: Who is Magellan?)

Drake

JeffTed
    $800 17
an introvert

Ted
    $800 7
30 pieces (of silver)

Ellen
    $800 3
Nat "King" Cole

Ted
    $800 12
(Ellen: What is "...you've got it"?)

"...flaunt it"

EllenTed
    $800 24
the Washington Monument

Jeff
    $1200 30
Greenland

Jeff
    $2,500 19
unconscious

Jeff
    $1200 8
Joseph

Ted
    $1200 4
(Jeff: Who is...)

Peggy Lee

JeffEllen
    $1200 13
(Ted: What is "Take it Easy"?)

"Take It To The Limit"

Ted
Triple Stumper
    $1200 28
ground them

Ellen
    $1600 26
the Mekong

Jeff
    $1600 20
dreams

Ted
    $1600 9
the New Revised Standard Version

Ellen
    $1600 5
Patti Page

Ted
    $1600 14
Ripley's Believe It Or Not

Ted
    $1600 27
a pulley

Ted
    $4,700 25
Timbuktu

Jeff
    $2000 22
(Jeff: What is serendipitous?)

synchronicity

Jeff
Triple Stumper
    $2000 10
oil

Ted
    $2000 6
Shirley Bassey

Ted
    $2000 15
"...it works."

Triple Stumper
    $2000 23
45

Ted

Scores at the end of the Double Jeopardy! Round:

Jeff Ellen Ted
$13,000 $6,100 $20,200

[wagering suggestions for these scores]

Final Jeopardy! Round responses

CONTEMPORARY WOMEN
(Alex: [To Ellen] Yes, indeed. The author of the Harry Potter books.)
...
(Alex: [To Jeff] "Who is Spears?" Thinking of Britney?)
[Jeff smiles and shrugs]
(Alex: Britney Spears: has an English ring to it, doesn't it, yes? Costs you everything but a buck. By the way, [*] made an estimated $36 million last year, and the Queen a mere $22 million.)
EllenWho is J.K. Rowling?
$4,000
JeffWho is Spears?
$12,999
TedWho is Speake?
$5,801
J.K. Rowling

Final scores:

Jeff Ellen Ted
$1 $10,100 $14,399
3rd place: $1,000 2nd place: $2,000 New champion: $14,399

Game dynamics:

Coryat scores:

Jeff Ellen Ted
$9,000 $6,400 $20,200
18 R
(including 2 DDs),
5 W
10 R
(including 1 DD),
4 W
26 R,
4 W

Combined Coryat: $35,600

[game clues] [game scores] [suggest correction]

Game tape date: 2002-02-27
The J! Archive is created by fans, for fans. Scraping, republication, monetization, and malicious use prohibited; this site may use cookies and collect identifying information. See terms. The Jeopardy! game show and all elements thereof, including but not limited to copyright and trademark thereto, are the property of Jeopardy Productions, Inc. and are protected under law. This website is not affiliated with, sponsored by, or operated by Jeopardy Productions, Inc. Join the discussion at JBoard.tv.